Statystyki dla Skoczkowie którzy najczęściej stawali na podium w poprzedniej dekadzie

Kliknij tutaj aby rozwiązać quiz!

Ogólne statystyki

  • Ten quiz został rozwiązany 24 razy
  • Średni wynik to 23 z 30

Statystyki odpowiedzi

PozycjaSkoczekLiczba Podium% Poprawnych
21.Piotr Żyła14
100%
15.Dawid Kubacki21
96%
1.Kamil Stoch73
96%
2.Stefan Kraft71
96%
3.Peter Prevc55
92%
5.Gregor Schlierenzauer44
88%
17.Noriaki Kasai20
88%
25.Robert Johansson11
88%
9.Anders Bardal28
83%
10.Andreas Wellinger25
83%
13.Daniel Andre Tande22
83%
11.Richard Freitag23
83%
8.Ryoyu Kobayashi29
83%
4.Severin Freund53
83%
28.Domen Prevc10
79%
6.Simon Ammann40
79%
7.Thomas Morgenstern34
79%
21.Adam Małysz14
75%
20.Johann Andre Forfang15
75%
18.Karl Geiger16
71%
11.Andreas Kofler23
67%
15.Robert Kranjec21
67%
25.Martin Koch11
63%
13.Michael Hayboeck22
63%
24.Anders Fannemel12
58%
21.Daiki Ito14
58%
29.Kenneth Gangnes9
54%
18.Markus Eisenbichler16
54%
25.Roman Koudelka11
54%
29.Anders Jacobsen9
42%

Rozkład punktacji

Percentyl według liczby udzielonych odpowiedzi

Procent ludzi z każdym wynikiem

Twoja historia wyników

Nie rozwiązałeś tego quizu